000 01042nam a22002417a 4500
999 _c65281
_d65281
005 20240530110816.0
008 190625s2019 ua ah f b 00| 0 ara d
017 _a2018/21186
_bمصر. دار الكتب
020 _a9789779058108
040 _aEG-CaGPL
_cEG-CaGPL
082 0 4 _221
_a929.92/
_bق/ع أ
100 0 _aعبدالله عبدالرازق عبدالحميد
245 1 2 _aالاعلام فى مصر القديمة /
_cتاليف عبدالله عبدالرازق عبدالحميد
250 _aط.1
260 _aالقاهرة :
_bدار الاسراء للنشر والتوزيع،
_c2019
300 _a495 ص. :
_bايض ؛
_c24 سم.
504 _aيشتمل على ارجاعات ببليوجرافية
650 0 7 _2qrmak
_aالاعلام والرايات العسكرية
651 0 7 _2qrmak
_aمصر القديمة
_xالعلوم العسكرية
651 0 7 _2qrmak
_aمصر القديمة
_xالاعلام والرايات العسكرية
942 _2ddc
_cBK